Eastern Utah Libraries Catalog: Duchesne, Heber, Roosevelt, & Vernal

The thousandth floor / (Record no. 212980)

MARC details
000 -LEADER
fixed length control field 01259nam a2200313 i 4500
001 - CONTROL NUMBER
control field BK0018127636
005 - DATE AND TIME OF LATEST TRANSACTION
control field 20160830155826.0
008 - FIXED-LENGTH DATA ELEMENTS--GENERAL INFORMATION
fixed length control field 160826s2016 nyu j 000 1 eng d
010 ## - LIBRARY OF CONGRESS CONTROL NUMBER
LC control number bl2016036674
020 ## - INTERNATIONAL STANDARD BOOK NUMBER
International Standard Book Number 9780062418593 : HRD
Terms of availability 18.99
020 ## - INTERNATIONAL STANDARD BOOK NUMBER
International Standard Book Number 0062418599 : HRD
Terms of availability 18.99
037 ## - SOURCE OF ACQUISITION
Source of stock number/acquisition Harpercollins Childrens Books, Attn Elaine Nealon 53 Glenmaura National Blvd Ste 300, Moosaic, PA, USA, 18507-2132
Note SAN 200-2086
040 ## - CATALOGING SOURCE
Original cataloging agency NjBwBT
Language of cataloging eng
Transcribing agency NjBwBT
Description conventions rda
050 14 - LIBRARY OF CONGRESS CALL NUMBER
Classification number PZ7.1.M43512
Item number Th 2016
082 04 - DEWEY DECIMAL CLASSIFICATION NUMBER
Classification number [Fic]
Edition number 23
092 ## - LOCALLY ASSIGNED DEWEY CALL NUMBER (OCLC)
Classification number FIC
100 1# - MAIN ENTRY--PERSONAL NAME
Personal name McGee, Katharine,
Relator term author.
245 14 - TITLE STATEMENT
Title The thousandth floor /
Statement of responsibility, etc Katharine McGee.
250 ## - EDITION STATEMENT
Edition statement First edition.
264 #1 - Production, Publication, Distribution, Manufacture, and Copyright Notice.
Place of production, publication, distribution, manufacture New York, NY :
Name of producer, publisher, distributor, manufacturer Harper, an imprint of HarperCollinsPublishers,
Date of production, publication, distribution, manufacture, or copyr [2016]
300 ## - PHYSICAL DESCRIPTION
Extent 441 pages ;
Dimensions 24 cm
336 ## - Content Type
Content type term text
337 ## - Media type
Media type term unmediated
338 ## - Carrier type
Carrier type term volume
520 ## - SUMMARY, ETC.
Summary, etc A tale set in a luxury tower one century into the future follows the experiences of an addicted perfectionist, a betrayed teen, a financially strapped girl, a socialite with an illegal A.I., and a genetically perfect girl.
650 #1 - SUBJECT ADDED ENTRY--TOPICAL TERM
Topical term or geographic name as entry element Teenagers
Form subdivision Fiction.
650 #1 - SUBJECT ADDED ENTRY--TOPICAL TERM
Topical term or geographic name as entry element Skyscrapers
Form subdivision Fiction.
651 #1 - SUBJECT ADDED ENTRY--GEOGRAPHIC NAME
Geographic name New York (N.Y.)
Form subdivision Fiction.
Holdings
Withdrawn status Lost status Source of classification or shelving scheme Damaged status Not for loan Collection code Home library Current library Shelving location Date acquired Source of acquisition Serial Enumeration / chronology Total Checkouts Total Renewals Full call number Barcode Date last seen Date checked out Cost, replacement price Price effective from Koha item type
    Dewey Decimal Classification     Young Adult Fiction Wasatch County Library Wasatch County Library Main Floor Teen Area 12/08/2022 Amazon #1 Thousandth Floor 8 9 YA McGee 34301001850975 12/29/2025 11/17/2025 18.99 12/08/2022 BOOK
This project was made possible through a grant from the Institute of Museum and Library Service administered by the Utah State Library Division.

Wasatch County Library

  • 465 East 1200 South, Heber City, Utah 84032
  • Phone 435-654-1511 | Fax 435-654-6456

Hours

  • Monday - Friday 9:30 AM - 8:00 PM
  • Saturday 9:30 AM - 1:30 PM
  • Closed Sundays and Holidays